000 00491nam a2200193Ia 4500
003 OSt
005 20221007083101.0
006 a|||||r|||| 00| 0
007 ta
008 221006b |||||||| |||| 00| 0 eng d
024 _a22,983
037 _cDissertations
040 _aFLL
_cFLL
_beng
041 _2eng
_aeng
100 _aKhadaria O.P.
_9565110
245 0 _aDiplomatic protection to a shareholding state
942 _cDIS
_2CC
999 _c1168759
_d1168759